Statystyki dla Wszystkie Stolice Afryki

Kliknij tutaj aby rozwiązać quiz!

Ogólne statystyki

  • Ten quiz został rozwiązany 169 razy
  • Średni wynik to 31 z 56

Odpowiedzi na mapie

Odpowiedzi skodowane kolorowo w zielono-czerwonej skali na mapie do tego quizu, zgodnie z poniższymi procentami.
 

Statystyki odpowiedzi

KrajStolica% Poprawnych
AlgieriaAlgier
100%
EgiptKair
100%
TunezjaTunis
100%
MarokoRabat
96%
LibiaTrypolis
88%
SenegalDakar
81%
Republika Południowej AfrykiKapsztad
81%
NigeriaAbudża
77%
EtiopiaAddis Abeba
77%
MadagaskarAntananarywa
77%
KeniaNairobi
77%
Republika Południowej AfrykiPretoria
77%
Gwinea-BissauBissau
73%
SudanChartum
73%
DżibutiDżibuti
73%
Wyspy Świętego Tomasza i KsiążęcaSao Tome
69%
GhanaAkra
62%
Sierra LeoneFreetown
62%
Demokratyczna Republika KongaKinszasa
62%
SomaliaMogadiszu
58%
KongoBrazzaville
54%
AngolaLuanda
54%
CzadNdżamena
54%
SeszeleVictoria
54%
ErytreaAsmara
50%
GambiaBandżul
50%
BotswanaGaborone
50%
GabonLibreville
50%
Republika Zielonego PrzylądkaPraia
50%
Burkina FasoWagadugu
50%
TanzaniaDodoma
46%
UgandaKampala
46%
LiberiaMonrovia
46%
NigerNiamey
46%
MauritiusPort Louis
46%
MaliBamako
42%
Sudan PołudniowyDżuba
42%
ZimbabweHarare
42%
MalawiLilongwe
42%
TogoLome
42%
MozambikMaputo
42%
KomoryMoroni
42%
MauretaniaNawakszut
42%
BurundiGitega
38%
Wybrzeże Kości SłoniowejJamusukro
38%
KamerunJaunde
38%
RwandaKigali
38%
ZambiaLusaka
38%
BeninPorto-Novo
38%
NamibiaWindhuk
38%
Republika ŚrodkowoafrykańskaBangi
35%
Republika Południowej AfrykiBloemfontein
35%
GwineaKonakry
35%
LesothoMaseru
35%
Gwinea RównikowaMalabo
31%
Suazi (Eswatini)Mbabane
31%

Rozkład punktacji

Percentyl według liczby udzielonych odpowiedzi

Procent ludzi z każdym wynikiem

Twoja historia wyników

Nie rozwiązałeś tego quizu